[Event "CUB-ch"]
[Site "Santa Clara"]
[Date "2000.??.??"]
[Round "?"]
[White "Delgado Ramirez, Neuris"]
[Black "Borges Matos, Juan R"]
[Result "1/2-1/2"]
[WhiteElo "2443"]
[BlackElo "2435"]
[PlyCount "80"]
[EventDate "2000.04.01"]
[EventType "tourn"]
[EventRounds "17"]
[EventCountry "CUB"]
[EventCategory "8"]
[SourceTitle "EXT 2001"]
[Source "ChessBase"]
[SourceDate "2000.11.22"]
[SourceVersion "1"]
[SourceVersionDate "2000.11.22"]
[SourceQuality "1"]

1. e4 c5 2. Nf3 d6 3. Bc4 Nf6 4. d3 e6 5. Bb3 Qc7 6. c3 b5 7. Qe2 Nbd7 8. O-O
Bb7 9. Bc2 Be7 10. Bg5 h6 11. Bh4 a6 12. Nbd2 O-O 13. Rfe1 Rfd8 14. h3 Ne5 15.
Nh2 Ng6 16. Bg3 e5 17. Ndf1 d5 18. Ng4 d4 19. cxd4 Rxd4 20. Nfe3 Nxg4 21. Qxg4
Bf6 22. Nf5 Rdd8 23. Re3 Kh7 24. Rf3 Bc8 25. Bb3 Ra7 26. a4 Nf4 27. Rxf4 exf4
28. Bxf4 Be5 29. Qg3 f6 30. Bxe5 Qxe5 31. Qxe5 fxe5 32. axb5 Rb7 33. Rxa6 Rxb5
34. Ra3 Rb6 35. Bc4 Rxb2 36. Ra5 Rf8 37. Rxc5 Bxf5 38. exf5 Rxf5 39. Bd5 Rfxf2
40. Be4+ Kg8 1/2-1/2

[Event "CUB-ch"]
[Site "Santa Clara"]
[Date "2000.??.??"]
[Round "?"]
[White "Delgado Ramirez, Neuris"]
[Black "Bruzon Batista, Lazaro"]
[Result "1/2-1/2"]
[WhiteElo "2440"]
[BlackElo "2568"]
[PlyCount "60"]
[EventDate "2000.04.01"]
[EventType "tourn"]
[EventRounds "17"]
[EventCountry "CUB"]
[EventCategory "8"]
[SourceTitle "EXT 2001"]
[Source "ChessBase"]
[SourceDate "2000.11.22"]
[SourceVersion "1"]
[SourceVersionDate "2000.11.22"]
[SourceQuality "1"]

1. e4 g6 2. d4 Bg7 3. Nc3 c6 4. Be3 d5 5. Qd2 dxe4 6. Nxe4 Nd7 7. Nf3 Ngf6 8.
Ng3 O-O 9. O-O-O Ng4 10. Bg5 Re8 11. h3 Ngf6 12. Bh6 Bh8 13. h4 Nb6 14. h5 Qd5
15. Kb1 Bg4 16. hxg6 fxg6 17. Be2 c5 18. dxc5 Qxc5 19. Rh4 Rac8 20. Ng5 Bd7 21.
Nxh7 Nxh7 22. Be3 Qd6 23. Rdh1 Qxd2 24. Bxd2 Na4 25. b3 Bc3 26. Rxh7 Bxd2 27.
Rh8+ Kg7 28. R8h7+ Kg8 29. Rh8+ Kg7 30. R8h7+ Kg8 1/2-1/2

[Event "CUB-ch"]
[Site "Santa Clara"]
[Date "2000.??.??"]
[Round "?"]
[White "Delgado Ramirez, Neuris"]
[Black "De la Paz Perdomo, Frank"]
[Result "1/2-1/2"]
[WhiteElo "2443"]
[BlackElo "2462"]
[PlyCount "131"]
[EventDate "2000.04.01"]
[EventType "tourn"]
[EventRounds "17"]
[EventCountry "CUB"]
[EventCategory "8"]
[SourceTitle "EXT 2001"]
[Source "ChessBase"]
[SourceDate "2000.11.22"]
[SourceVersion "1"]
[SourceVersionDate "2000.11.22"]
[SourceQuality "1"]

1. e4 e5 2. Nf3 Nc6 3. Bb5 Nf6 4. Qe2 Bc5 5. c3 O-O 6. d3 h6 7. O-O d6 8. Be3
Bb6 9. Nbd2 Ne7 10. d4 Ng6 11. a4 c6 12. Bd3 Nh5 13. g3 Bg4 14. Qd1 d5 15. Be2
exd4 16. Bxd4 Nf6 17. exd5 Nxd5 18. Bxb6 axb6 19. Nd4 Bxe2 20. Qxe2 Re8 21. Qd1
Qg5 22. Nc4 Rad8 23. Re1 Rxe1+ 24. Qxe1 Ndf4 25. Qe4 c5 26. Ne2 Nh3+ 27. Kg2
Qh5 28. Qf3 Qxf3+ 29. Kxf3 Ng5+ 30. Kg2 Re8 31. Ng1 Ne6 32. Nxb6 Ne5 33. b4
cxb4 34. cxb4 Nd3 35. b5 Nec5 36. a5 Re7 37. Rd1 f6 38. Na4 Nxa4 39. Rxd3 Nc5
40. Re3 Re5 41. Ra3 Re7 42. h4 g5 43. Nf3 Rd7 44. Rc3 Ne6 45. Rc8+ Kf7 46. Rb8
Kg6 47. hxg5 hxg5 48. a6 bxa6 49. Rb6 g4 50. Nh4+ Kf7 51. bxa6 Nc5 52. Rc6 Ne4
53. Rc4 Nd6 54. Ra4 Ra7 55. Kf1 Ne8 56. Nf5 Kg6 57. Ne3 Nc7 58. Rxg4+ Kf7 59.
Nf5 Rxa6 60. Rg7+ Ke6 61. Nd4+ Kd6 62. Rf7 Nd5 63. Kg2 Ra4 64. Nf3 Ra2 65. Nh4
Ke6 66. Rb7 1/2-1/2

[Event "CUB-ch"]
[Site "Santa Clara"]
[Date "2000.??.??"]
[Round "?"]
[White "Delgado Ramirez, Neuris"]
[Black "Dominguez Perez, Leinier"]
[Result "0-1"]
[WhiteElo "2440"]
[BlackElo "2505"]
[PlyCount "88"]
[EventDate "2000.04.01"]
[EventType "tourn"]
[EventRounds "17"]
[EventCountry "CUB"]
[EventCategory "8"]
[SourceTitle "EXT 2001"]
[Source "ChessBase"]
[SourceDate "2000.11.22"]
[SourceVersion "1"]
[SourceVersionDate "2000.11.22"]
[SourceQuality "1"]

1. e4 c5 2. Nf3 d6 3. d4 cxd4 4. Nxd4 Nf6 5. Nc3 a6 6. Bc4 e6 7. Bb3 b5 8. O-O
Be7 9. Qf3 Qb6 10. Be3 Qb7 11. Qg3 b4 (11... Nbd7 $5 12. f3 Nc5 13. Rfd1 Bd7
14. Kh1 b4 15. Nce2 O-O 16. Bh6 Ne8 17. c4 bxc3 18. Nxc3 Bf6 19. Bg5 Bxd4 20.
Rxd4 Nxb3 21. axb3 f6 22. Bd2 Qxb3 23. Nd1 a5 24. Qe1 Qb6 25. Rd3 a4 26. Bb4
Rf7 27. Qd2 Bb5 28. Rd4 e5 29. Rd5 Rb7 30. Bc3 Bc6 31. Rd3 Qa6 32. Ne3 Bb5 33.
Rd5 Qb6 34. Nf5 Ra6 35. Rd1 Bc4 36. Nxd6 Nxd6 37. Rxd6 Qxd6 38. Qxd6 Rxd6 39.
Rxd6 a3 40. b4 Rc7 41. Kg1 Bb5 42. Bd2 a2 43. Rd8+ Kf7 44. Ra8 Rc2 {0-1 Milos,
G-Polgar,J/Bali INA 2000}) 12. Na4 Nbd7 13. f3 O-O 14. Rad1 Ne5 15. Nb6 Nh5 16.
Qh3 Nf4 17. Bxf4 Qxb6 18. Be3 $146 (18. Qg3 Bd7 19. Be3 Qc7 20. f4 Nc4 21. Bxc4
Qxc4 22. f5 Kh8 23. e5 dxe5 24. Nf3 Bb5 25. Nxe5 Qxc2 26. Rc1 Qxb2 27. f6 Bxf6
28. Rxf6 gxf6 29. Bh6 Qxc1+ 30. Bxc1 fxe5 31. Bh6 {1-0 Dgebuadze,A-Van Beers,E/
Antwerp 1999/EXT 2000 (31)}) 18... Qc7 19. Qg3 Kh8 20. Bg5 Bxg5 21. Qxg5 Qc5
22. f4 h6 23. Qg3 a5 24. Kh1 (24. fxe5 dxe5 25. c3 Bb7 $5) 24... a4 25. Bd5
exd5 26. fxe5 dxe4 27. exd6 Ra6 28. Ne2 Qb5 29. Nf4 Rxd6 30. Nh5 Rg6 31. Qxg6
fxg6 32. Rxf8+ Kh7 33. Ng3 Bb7 34. h4 Bd5 35. Rd8 Bg8 36. Nxe4 Qh5 37. Kg1 Qxh4
38. R8d4 Qe7 39. c4 bxc3 $17 40. Nxc3 a3 $1 41. Nd5 Qa7 42. Kh2 (42. b3 $4 Bxd5
) 42... axb2 43. Rb4 Bxd5 44. Rxd5 Qc7+ 0-1

[Event "CUB-ch"]
[Site "Santa Clara"]
[Date "2000.??.??"]
[Round "?"]
[White "Delgado Ramirez, Neuris"]
[Black "Garcia Martinez, Silvino"]
[Result "1/2-1/2"]
[WhiteElo "2440"]
[BlackElo "2455"]
[PlyCount "46"]
[EventDate "2000.04.01"]
[EventType "tourn"]
[EventRounds "17"]
[EventCountry "CUB"]
[EventCategory "8"]
[SourceTitle "EXT 2001"]
[Source "ChessBase"]
[SourceDate "2000.11.22"]
[SourceVersion "1"]
[SourceVersionDate "2000.11.22"]
[SourceQuality "1"]

1. e4 c5 2. Nf3 d6 3. Bc4 Nf6 4. d3 g6 5. O-O Bg7 6. c3 O-O 7. Bb3 Nc6 8. h3 a6
9. Be3 b5 10. Nbd2 e5 11. a3 Bb7 12. Ba2 h6 13. b4 cxb4 14. axb4 Qc7 15. Qb1 a5
16. bxa5 Rxa5 17. Qb2 Rfa8 18. Bb3 Rxa1 19. Rxa1 Rxa1+ 20. Qxa1 Na5 21. Bc2 d5
22. Qb2 dxe4 23. dxe4 Bc6 1/2-1/2

[Event "CUB-ch"]
[Site "Santa Clara"]
[Date "2000.??.??"]
[Round "?"]
[White "Delgado Ramirez, Neuris"]
[Black "Gomez Fontal, Felix Manuel"]
[Result "1/2-1/2"]
[WhiteElo "2440"]
[BlackElo "2410"]
[PlyCount "22"]
[EventDate "2000.04.01"]
[EventType "tourn"]
[EventRounds "17"]
[EventCountry "CUB"]
[EventCategory "8"]
[SourceTitle "EXT 2001"]
[Source "ChessBase"]
[SourceDate "2000.11.22"]
[SourceVersion "1"]
[SourceVersionDate "2000.11.22"]
[SourceQuality "1"]

1. Nf3 Nf6 2. g3 d5 3. Bg2 Bg4 4. O-O Nbd7 5. d3 e6 6. Nbd2 Be7 7. b3 O-O 8. c4
c6 9. Bb2 Re8 10. Rc1 Bf8 11. h3 Bh5 1/2-1/2

[Event "CUB-ch"]
[Site "Santa Clara"]
[Date "2000.??.??"]
[Round "?"]
[White "Delgado Ramirez, Neuris"]
[Black "Hernandez Onna, Roman"]
[Result "1/2-1/2"]
[WhiteElo "2440"]
[BlackElo "2400"]
[PlyCount "20"]
[EventDate "2000.04.01"]
[EventType "tourn"]
[EventRounds "17"]
[EventCountry "CUB"]
[EventCategory "8"]
[SourceTitle "EXT 2001"]
[Source "ChessBase"]
[SourceDate "2000.11.22"]
[SourceVersion "1"]
[SourceVersionDate "2000.11.22"]
[SourceQuality "1"]

1. e4 e5 2. Nf3 Nc6 3. Bb5 a6 4. Ba4 Nf6 5. Qe2 Be7 6. c3 b5 7. Bb3 d6 8. a4
Bd7 9. O-O O-O 10. d4 Bg4 1/2-1/2

[Event "CUB-ch"]
[Site "Santa Clara"]
[Date "2000.??.??"]
[Round "?"]
[White "Gonzalez Vidal, Yuri"]
[Black "Delgado Ramirez, Neuris"]
[Result "1/2-1/2"]
[WhiteElo "2421"]
[BlackElo "2443"]
[PlyCount "35"]
[EventDate "2000.04.01"]
[EventType "tourn"]
[EventRounds "17"]
[EventCountry "CUB"]
[EventCategory "8"]
[SourceTitle "EXT 2001"]
[Source "ChessBase"]
[SourceDate "2000.11.22"]
[SourceVersion "1"]
[SourceVersionDate "2000.11.22"]
[SourceQuality "1"]

1. e4 c5 2. Nf3 d6 3. d4 cxd4 4. Qxd4 a6 5. c4 Nc6 6. Qd2 Nf6 7. Nc3 g6 8. b3
Bg7 9. Bb2 O-O 10. h3 Qa5 11. Bd3 Nb4 12. Bb1 Nc6 13. a3 Qh5 14. Bd3 Bg4 15.
Nh2 Bc8 16. Nf3 Bg4 17. Nh2 Bc8 18. Nf3 1/2-1/2

[Event "CUB-ch"]
[Site "Santa Clara"]
[Date "2000.??.??"]
[Round "?"]
[White "Herrera, Irisberto"]
[Black "Delgado Ramirez, Neuris"]
[Result "1/2-1/2"]
[WhiteElo "2470"]
[BlackElo "2440"]
[PlyCount "57"]
[EventDate "2000.04.01"]
[EventType "tourn"]
[EventRounds "17"]
[EventCountry "CUB"]
[EventCategory "8"]
[SourceTitle "EXT 2001"]
[Source "ChessBase"]
[SourceDate "2000.11.22"]
[SourceVersion "1"]
[SourceVersionDate "2000.11.22"]
[SourceQuality "1"]

1. e4 c5 2. Nf3 d6 3. d4 cxd4 4. Nxd4 Nf6 5. Nc3 Nc6 6. Bg5 e6 7. Qd2 a6 8.
O-O-O Bd7 9. f3 Rc8 10. Kb1 Be7 11. h4 O-O 12. g4 b5 13. Nxc6 Bxc6 14. Bd3 Nd7
15. Ne2 d5 16. Nd4 Bb7 17. Qe3 dxe4 18. Bxe4 Bxe4 19. Qxe4 Nc5 20. Qe3 Qc7 21.
Bf4 Qb7 22. g5 Rfd8 23. Ne2 Na4 24. Be5 Nb6 25. b3 Nd5 26. Qe4 Qb6 27. Bb2 Bf8
28. h5 Qe3 29. h6 1/2-1/2

[Event "CUB-ch"]
[Site "Santa Clara"]
[Date "2000.??.??"]
[Round "?"]
[White "Perez Garcia, Rodney Oscar"]
[Black "Delgado Ramirez, Neuris"]
[Result "0-1"]
[WhiteElo "2470"]
[BlackElo "2440"]
[PlyCount "72"]
[EventDate "2000.04.01"]
[EventType "tourn"]
[EventRounds "17"]
[EventCountry "CUB"]
[EventCategory "8"]
[SourceTitle "EXT 2001"]
[Source "ChessBase"]
[SourceDate "2000.11.22"]
[SourceVersion "1"]
[SourceVersionDate "2000.11.22"]
[SourceQuality "1"]

1. e4 c5 2. Nf3 d6 3. d4 cxd4 4. Nxd4 Nf6 5. Nc3 a6 6. Be3 e5 7. Nb3 Be7 8. f3
Be6 9. Qd2 O-O 10. O-O-O b5 11. g4 b4 12. Nd5 Bxd5 13. exd5 a5 14. Kb1 Qc7 15.
g5 Nfd7 16. h4 Nb6 17. f4 a4 18. Nc1 N8d7 19. Qxb4 Rfc8 20. Qe4 a3 21. Bb5 axb2
22. Ne2 Qa7 23. a4 Nc5 24. Qb4 exf4 25. Bxc5 dxc5 26. Qa3 Nxa4 27. Qxa4 Qxa4
28. Bxa4 Rxa4 29. Nc3 Ra6 30. Kxb2 c4 31. Kc1 Bb4 32. Nb1 c3 33. Rd4 Rb8 34.
Re1 Ba3+ 35. Nxa3 Rxa3 36. Kd1 f3 0-1

[Event "CUB-ch"]
[Site "Santa Clara"]
[Date "2000.??.??"]
[Round "?"]
[White "Perez Rodriguez, Luis Manuel"]
[Black "Delgado Ramirez, Neuris"]
[Result "0-1"]
[WhiteElo "2459"]
[BlackElo "2443"]
[PlyCount "90"]
[EventDate "2000.04.01"]
[EventType "tourn"]
[EventRounds "17"]
[EventCountry "CUB"]
[EventCategory "8"]
[SourceTitle "EXT 2001"]
[Source "ChessBase"]
[SourceDate "2000.11.22"]
[SourceVersion "1"]
[SourceVersionDate "2000.11.22"]
[SourceQuality "1"]

1. e4 c5 2. c3 d6 3. d4 Nf6 4. Bd3 e6 5. Nf3 Be7 6. O-O Nc6 7. Re1 Nd7 8. Nbd2
O-O 9. Nf1 Qb6 10. dxc5 Nxc5 11. Bc2 Nd7 12. Ng3 Qc7 13. Nd4 a6 14. f4 Re8 15.
Kh1 Bf8 16. f5 Nxd4 17. cxd4 exf5 18. Nxf5 Nf6 19. Ng3 Bg4 20. Qd3 Nh5 21. Nxh5
Bxh5 22. Bf4 Rac8 23. Ba4 b5 24. Bb3 Bg6 25. h3 Qb7 26. d5 Qe7 27. Rac1 Rxc1
28. Rxc1 Bxe4 29. Qg3 Qf6 30. Rc3 h6 31. Re3 g5 32. Bc2 Qg6 33. Rxe4 Rxe4 34.
Bd2 Bg7 35. Bxe4 Qxe4 36. Qxd6 Qb1+ 37. Kh2 Qxb2 38. Qd8+ Kh7 39. Be1 Qa1 40.
Bf2 Be5+ 41. g3 Qxa2 42. Kg1 Qb1+ 43. Kg2 Qe4+ 44. Kg1 Qd3 45. Kg2 b4 0-1

[Event "CUB-ch"]
[Site "Santa Clara"]
[Date "2000.??.??"]
[Round "?"]
[White "Vazquez Igarza, Renier"]
[Black "Delgado Ramirez, Neuris"]
[Result "1/2-1/2"]
[WhiteElo "2429"]
[BlackElo "2443"]
[PlyCount "55"]
[EventDate "2000.04.01"]
[EventType "tourn"]
[EventRounds "17"]
[EventCountry "CUB"]
[EventCategory "8"]
[SourceTitle "EXT 2001"]
[Source "ChessBase"]
[SourceDate "2000.11.22"]
[SourceVersion "1"]
[SourceVersionDate "2000.11.22"]
[SourceQuality "1"]

1. e4 c5 2. Nf3 d6 3. d4 cxd4 4. Nxd4 Nf6 5. Nc3 a6 6. Be2 e5 7. Nb3 Be7 8. Be3
b6 9. O-O O-O 10. Nd5 Nxd5 11. Qxd5 Ra7 12. c4 Be6 13. Qd2 Nd7 14. Rfd1 Qa8 15.
f3 Rc8 16. Rac1 Rac7 17. Qb4 h6 18. Bf1 Qc6 19. Na1 Qb7 20. b3 a5 21. Qd2 a4
22. Nc2 axb3 23. axb3 b5 24. Na3 bxc4 25. bxc4 Nc5 26. Rb1 Qc6 27. Nb5 Rb7 28.
Qa5 1/2-1/2

[Event "Capablanca Memorial Premier II 35th"]
[Site "Varadero"]
[Date "2000.05.07"]
[Round "1"]
[White "Moreno Carnero, Javier"]
[Black "Delgado Ramirez, Neuris"]
[Result "1/2-1/2"]
[WhiteElo "2506"]
[BlackElo "2443"]
[PlyCount "106"]
[EventDate "2000.05.07"]
[EventType "tourn"]
[EventRounds "13"]
[EventCountry "CUB"]
[EventCategory "8"]
[SourceTitle "CBM 076 Extra"]
[Source "ChessBase"]
[SourceDate "2000.07.11"]
[SourceVersion "1"]
[SourceVersionDate "2000.07.11"]
[SourceQuality "1"]

1. e4 c5 2. Nf3 d6 3. Bb5+ Bd7 4. Bxd7+ Qxd7 5. O-O Nf6 6. Qe2 Nc6 7. Rd1 e6 8.
d4 cxd4 9. Nxd4 Be7 10. Nc3 a6 11. Bf4 Qc7 12. Nxc6 Qxc6 13. Rd3 O-O 14. Rad1
Rfd8 15. g4 b5 16. a3 Ne8 17. Rh3 Rab8 18. Rdd3 a5 19. g5 g6 20. Qg4 Bf8 21.
Qh4 h5 22. gxh6 Kh7 23. e5 b4 24. axb4 axb4 25. Nd1 d5 26. Rd2 Rd7 27. Bg5 Rc8
28. Rf3 Qa6 29. Rf4 Qa1 30. Qg4 Qa7 31. h4 Qc7 32. h5 gxh5 33. Qxh5 Qxe5 34.
Rxf7+ Rxf7 35. Qxf7+ Bg7 36. Bf4 Qf6 37. Qh5 Bxh6 38. Bxh6 Qxh6 39. Qxh6+ Kxh6
40. Ne3 Nd6 41. Rd4 Nc4 42. Nxc4 Rxc4 43. Rxc4 dxc4 44. Kg2 Kg5 45. Kf3 Kf5 46.
Ke3 e5 47. f3 Ke6 48. Ke4 Kd6 49. f4 exf4 50. Kxf4 Kd5 51. c3 bxc3 52. bxc3 Kd6
53. Ke4 Ke6 1/2-1/2

[Event "Capablanca Memorial Premier II 35th"]
[Site "Varadero"]
[Date "2000.05.08"]
[Round "2"]
[White "Delgado Ramirez, Neuris"]
[Black "Arencibia, Juan Joel"]
[Result "0-1"]
[WhiteElo "2443"]
[BlackElo "2425"]
[PlyCount "92"]
[EventDate "2000.05.07"]
[EventType "tourn"]
[EventRounds "13"]
[EventCountry "CUB"]
[EventCategory "8"]
[SourceTitle "CBM 076 Extra"]
[Source "ChessBase"]
[SourceDate "2000.07.11"]
[SourceVersion "1"]
[SourceVersionDate "2000.07.11"]
[SourceQuality "1"]

1. e4 c6 2. Nc3 d5 3. Nf3 dxe4 4. Nxe4 Nf6 5. Nxf6+ gxf6 6. d4 Bf5 7. Bc4 Nd7
8. Bf4 Nb6 9. Bb3 Nd5 10. Bg3 Qa5+ 11. c3 Qa6 12. c4 Qa5+ 13. Nd2 Nb6 14. O-O
Bh6 15. Nf3 O-O-O 16. Qe2 Rhe8 17. Nh4 Bg6 18. d5 Qc5 19. Qg4+ e6 20. Nxg6 hxg6
21. Qh4 Bg5 22. Qh7 Qe7 23. d6 Qd7 24. f4 Rh8 25. Qxh8 Rxh8 26. fxg5 fxg5 27.
a4 a5 28. Rad1 c5 29. Be1 f5 30. Bxa5 Qc6 31. Rfe1 Kd7 32. Bc3 Ra8 33. a5 Na4
34. Ra1 Nxc3 35. bxc3 Kxd6 36. Ba4 Qc7 37. Rad1+ Ke7 38. Rd7+ Qxd7 39. Bxd7
Kxd7 40. Rb1 Rxa5 41. Rxb7+ Kd6 42. Rg7 g4 43. Rxg6 Ra3 44. h3 gxh3 45. Rg3
hxg2 46. Kxg2 Ra4 0-1

[Event "Capablanca Memorial Premier II 35th"]
[Site "Varadero"]
[Date "2000.05.09"]
[Round "3"]
[White "Del Rio de Angelis, Salvador Gabriel"]
[Black "Delgado Ramirez, Neuris"]
[Result "1/2-1/2"]
[WhiteElo "2463"]
[BlackElo "2443"]
[PlyCount "57"]
[EventDate "2000.05.07"]
[EventType "tourn"]
[EventRounds "13"]
[EventCountry "CUB"]
[EventCategory "8"]
[SourceTitle "CBM 076 Extra"]
[Source "ChessBase"]
[SourceDate "2000.07.11"]
[SourceVersion "1"]
[SourceVersionDate "2000.07.11"]
[SourceQuality "1"]

1. e4 e5 2. Nf3 Nf6 3. Nxe5 d6 4. Nf3 Nxe4 5. d4 d5 6. Bd3 Be7 7. O-O Nc6 8.
Re1 Bg4 9. c4 Nf6 10. cxd5 Nxd5 11. Nc3 O-O 12. h3 Be6 13. a3 Bf6 14. Bc2 Nxc3
15. bxc3 Qd7 16. Rb1 Rab8 17. Bf4 Ne7 18. Bg5 Bxg5 19. Nxg5 Bf5 20. Bxf5 Nxf5
21. Qg4 g6 22. Ne4 Qd8 23. Qf4 b6 24. Rb5 f6 25. a4 Qe7 26. Rbb1 Rf7 27. a5
Rbf8 28. axb6 axb6 29. Ng3 1/2-1/2

[Event "Capablanca Memorial Premier II 35th"]
[Site "Varadero"]
[Date "2000.05.10"]
[Round "4"]
[White "Delgado Ramirez, Neuris"]
[Black "Gonzalez Vidal, Yuri"]
[Result "1-0"]
[WhiteElo "2443"]
[BlackElo "2421"]
[PlyCount "45"]
[EventDate "2000.05.07"]
[EventType "tourn"]
[EventRounds "13"]
[EventCountry "CUB"]
[EventCategory "8"]
[SourceTitle "CBM 076 Extra"]
[Source "ChessBase"]
[SourceDate "2000.07.11"]
[SourceVersion "1"]
[SourceVersionDate "2000.07.11"]
[SourceQuality "1"]

1. e4 c6 2. Nc3 d5 3. Nf3 dxe4 4. Nxe4 Nd7 5. Bc4 e6 6. Qe2 Be7 7. d4 Ngf6 8.
Neg5 Nb6 9. Bd3 O-O 10. h4 h6 11. Ne4 Nbd5 12. Nxf6+ Nxf6 13. Bd2 b6 14. g4
Nxg4 15. Ne5 Nxe5 16. dxe5 f5 17. Rg1 Qd4 18. O-O-O Rf7 19. Bxh6 c5 20. f4 Bf8
21. Bxf5 Qa4 22. Bg6 Rd7 23. Bg5 1-0

[Event "Capablanca Memorial Premier II 35th"]
[Site "Varadero"]
[Date "2000.05.12"]
[Round "5"]
[White "Hernandez Onna, Roman"]
[Black "Delgado Ramirez, Neuris"]
[Result "0-1"]
[WhiteElo "2402"]
[BlackElo "2443"]
[PlyCount "108"]
[EventDate "2000.05.07"]
[EventType "tourn"]
[EventRounds "13"]
[EventCountry "CUB"]
[EventCategory "8"]
[SourceTitle "CBM 076 Extra"]
[Source "ChessBase"]
[SourceDate "2000.07.11"]
[SourceVersion "1"]
[SourceVersionDate "2000.07.11"]
[SourceQuality "1"]

1. d4 Nf6 2. Nf3 e6 3. c4 Bb4+ 4. Bd2 c5 5. Bxb4 cxb4 6. g3 O-O 7. Bg2 d6 8.
O-O a5 9. Qd3 Qc7 10. Nbd2 Nbd7 11. e4 e5 12. Nh4 Re8 13. Nf5 Nf8 14. Ne3 Ne6
15. dxe5 dxe5 16. Nd5 Qd8 17. f4 Nd7 18. Rf2 b6 19. Raf1 Bb7 20. Qe3 Nec5 21.
f5 Bxd5 22. cxd5 Nf6 23. Bf3 h6 24. g4 Nh7 25. Bd1 Rc8 26. Qg3 b5 27. h4 Nb7
28. g5 hxg5 29. Rg2 Qb6+ 30. Kh1 Qh6 31. Rfg1 Nd6 32. Rh2 g4 33. Bxg4 Nf6 34.
Bf3 Rc2 35. Qg5 Kh7 36. Qxh6+ Kxh6 37. Nf1 Rec8 38. Ng3 Rxh2+ 39. Kxh2 a4 40.
Rg2 Rc1 41. Rg1 Rc4 42. Re1 Rc2+ 43. Re2 Rc1 44. Kg2 Nd7 45. Nh1 Nc5 46. Nf2 f6
47. Rd2 Nc4 48. Re2 Rb1 49. d6 Rxb2 50. Rxb2 Nxb2 51. Be2 b3 52. a3 b4 53. axb4
Nb7 54. Nd1 Nxd6 0-1

[Event "Capablanca Memorial Premier II 35th"]
[Site "Varadero"]
[Date "2000.05.13"]
[Round "6"]
[White "Delgado Ramirez, Neuris"]
[Black "Borges Matos, Juan R"]
[Result "1/2-1/2"]
[WhiteElo "2443"]
[BlackElo "2435"]
[PlyCount "44"]
[EventDate "2000.05.07"]
[EventType "tourn"]
[EventRounds "13"]
[EventCountry "CUB"]
[EventCategory "8"]
[SourceTitle "CBM 076 Extra"]
[Source "ChessBase"]
[SourceDate "2000.07.11"]
[SourceVersion "1"]
[SourceVersionDate "2000.07.11"]
[SourceQuality "1"]

1. e4 c5 2. Nf3 e6 3. Nc3 Nc6 4. Bb5 Nge7 5. O-O a6 6. Bxc6 Nxc6 7. Re1 b5 8.
d4 cxd4 9. Nxd4 Bb7 10. Nxc6 Bxc6 11. Bf4 Bc5 12. Qh5 Qb6 13. Be3 Bxe3 14. Rxe3
O-O 15. Rh3 h6 16. Rg3 Kh7 17. Qe5 Rg8 18. a3 Raf8 19. Qh5 a5 20. Re1 b4 21.
axb4 Qxb4 22. b3 a4 1/2-1/2

[Event "Capablanca Memorial Premier II 35th"]
[Site "Varadero"]
[Date "2000.05.14"]
[Round "7"]
[White "Vazquez Igarza, Renier"]
[Black "Delgado Ramirez, Neuris"]
[Result "1/2-1/2"]
[WhiteElo "2429"]
[BlackElo "2443"]
[PlyCount "57"]
[EventDate "2000.05.07"]
[EventType "tourn"]
[EventRounds "13"]
[EventCountry "CUB"]
[EventCategory "8"]
[SourceTitle "CBM 076 Extra"]
[Source "ChessBase"]
[SourceDate "2000.07.11"]
[SourceVersion "1"]
[SourceVersionDate "2000.07.11"]
[SourceQuality "1"]

1. e4 c5 2. Nf3 d6 3. d4 cxd4 4. Nxd4 Nf6 5. Nc3 a6 6. f4 Qc7 7. a4 Nc6 8. Be2
g6 9. Nb3 Bg7 10. O-O Be6 11. Kh1 Na5 12. f5 Bc4 13. Bg5 Nxb3 14. cxb3 Bxe2 15.
Qxe2 O-O 16. Bxf6 Bxf6 17. Nd5 Qd8 18. Nxf6+ exf6 19. Rad1 Qe7 20. h3 Rac8 21.
Rd4 Rc6 22. Qd3 Re8 23. Rd1 Kg7 24. b4 Qe5 25. b3 b5 26. Rxd6 Rxd6 27. Qxd6
Qxe4 28. fxg6 Re6 29. Qd5 1/2-1/2

[Event "Capablanca Memorial Premier II 35th"]
[Site "Varadero"]
[Date "2000.05.16"]
[Round "8"]
[White "Delgado Ramirez, Neuris"]
[Black "Bellon Lopez, Juan Manuel"]
[Result "1/2-1/2"]
[WhiteElo "2443"]
[BlackElo "2446"]
[PlyCount "83"]
[EventDate "2000.05.07"]
[EventType "tourn"]
[EventRounds "13"]
[EventCountry "CUB"]
[EventCategory "8"]
[SourceTitle "CBM 076 Extra"]
[Source "ChessBase"]
[SourceDate "2000.07.11"]
[SourceVersion "1"]
[SourceVersionDate "2000.07.11"]
[SourceQuality "1"]

1. e4 c5 2. Nf3 e6 3. b3 d6 4. Bb2 e5 5. Bc4 Nc6 6. Nc3 g6 7. Nd5 Bg7 8. c3
Nge7 9. O-O O-O 10. h3 a6 11. d4 b5 12. Nxe7+ Nxe7 13. Bd3 exd4 14. cxd4 Nc6
15. a4 b4 16. Bc4 Na5 17. Bd5 Bb7 18. Bxb7 Nxb7 19. Rc1 Re8 20. Qd3 cxd4 21.
Bxd4 Bxd4 22. Qxd4 Nc5 23. Nd2 a5 24. Rfe1 Rc8 25. Re3 Qg5 26. Nf3 Qf4 27. g3
Qh6 28. Kg2 Qf8 29. Qd5 Re6 30. h4 Qe7 31. Nd4 Rf6 32. e5 dxe5 33. Rxe5 Rd8 34.
Qxc5 Qxc5 35. Rcxc5 Rxd4 36. Rcd5 Rxd5 37. Rxd5 Rc6 38. Rxa5 Rc3 39. Rb5 Rxb3
40. a5 Ra3 41. Rxb4 Rxa5 42. Rb7 1/2-1/2

[Event "Capablanca Memorial Premier II 35th"]
[Site "Varadero"]
[Date "2000.05.17"]
[Round "9"]
[White "Szekely, Peter"]
[Black "Delgado Ramirez, Neuris"]
[Result "1/2-1/2"]
[WhiteElo "2428"]
[BlackElo "2443"]
[PlyCount "33"]
[EventDate "2000.05.07"]
[EventType "tourn"]
[EventRounds "13"]
[EventCountry "CUB"]
[EventCategory "8"]
[SourceTitle "CBM 076 Extra"]
[Source "ChessBase"]
[SourceDate "2000.07.11"]
[SourceVersion "1"]
[SourceVersionDate "2000.07.11"]
[SourceQuality "1"]

1. Nf3 Nf6 2. c4 c5 3. g3 b6 4. Bg2 Bb7 5. O-O g6 6. b3 Bg7 7. Bb2 O-O 8. Nc3
Nc6 9. d4 Nxd4 10. Nxd4 Bxg2 11. Kxg2 cxd4 12. Qxd4 d6 13. Rac1 Qd7 14. Qd3
Qb7+ 15. Qf3 Qxf3+ 16. Kxf3 Rfc8 17. Rfd1 1/2-1/2